000 01169cam a22002531i 4500
003 SA-RiAUC
005 20250906084346.0
008 250902s1964 su g 000 0bara c
040 _aSA-JeALM
_bara
_cSA-RiAUC
_erda
082 0 4 _a922.117
_qSA-RiAUC
090 _a922.117
_bب ا ن
100 1 _aبانبيلة، حسين بن عبد الله بن حسين،
_d1360 هجري-
_eمؤلف.
245 1 0 _aمحمد بن عبد الوهاب قلب حر ورآي سليم /
_cحسين بن عبد الله بن حسين بانبيلة.
250 _aالطبعة الأولى.
264 1 _aمكة المكرمة :
_bمطابع دار قريش،
_c1964.
300 _a108 صفحة .
_c18 سم.
336 _aنص
_btxt
_2rdacontent
_3كتاب
337 _aبدون وسيط
_bn
_2rdamedia
500 _aاهداء من المؤلف حسين بانبيله الى الشيخ رحمه الله بتاريخ 1 / 9 / 1384 هـ
600 1 7 _aابن عبد الوهاب، محمد بن عبد الوهاب بن سليمان،
_d1115-1206 هجري
_2aucnm
650 7 _aالمصلحون
_vتراجم
_2aucsh
942 _2ddc
_cBOOK
_n0
949 _aSA-JeALM
_d250902
_uosman123
_n1
999 _c11440
_d11440